000
00303nam a2200133Ia 4500
008
150201s2007 xx 000 0 und d
082
_a
612.015
_b
B07R
100
_a
RAMBABU,K
245
_a
TB OF BIOCHEMISTRY
250
_a
1ST
260
_b
AITBS
_a
DELHI
_c
2007
650
_a
BIOCHEMISTRY
942
_2
ddc
_c
BK
999
_c
708
_d
708